Normal view
MARC view
- Morduchowicz, Roxana
Entry Nombre Personal
001 - NUMERO DE CONTROL
- campo de control: 29342
003 - IDENTIFICADOR DE NUMERO DE CONTROL
- campo de control: DLC
005 - FECHA Y HORA DE LA ÜLTIMA TRANSACCIÓN
- campo de control: 20221017103938.0
008 - DATOS DE LONGITUD FIJA
- campo de control de longitud fija: 221017n| acannaab| |n aaa |||
010 ## - NÚMERO DE CONTROL DE LA BIBLIOTECA DEL CONGRESO
- Número de control LC: n 95110517
040 ## - FUENTE DE CATALOGACIÓN
- Agencia original de catalogación: DLC
- Agencia de transcripción: DLC
- Lenguaje de catalogación: spa
- Agencia que lo modifica: MX-MxUPN
100 1# - ENCABEZAMIENTO - NOMBRE PERSONAL
- Nombre personal: Morduchowicz, Roxana
670 ## - FUENTE EN LA QUE SE LOCALIZARON DATOS
- Cita de la fuente: El diario, un texto social, 1993:
- Información localizada: portada (Roxana Morduchowicz)
902 ## - CATALOGADOR
- Catalogador: NDAF/221017
